00671nam a2200205Ia 450000500170000000800410001702000140005804000190007204100120009108200130010310000180011624501110013425000120024526000670025730000390032450400500036365000260041365100160043985000100045520240210110237.0131103s9999 xx 000 0 und d a226057256 aLoreto College aEnglish a351bBLA aBlau,Peter M. 4aThe Dynamics of bureaucracyb a study of interpersonal relations in two government agencies cPeter M.Blau arev.ed. aChicagobThe University of Chicago Pressc1955 (1963 printing) axiii,322 p.b illus.,charts,tables aIncludes bibliographical references and index aPublic Administration aBureaucracy aLCLIB